000 00345nam a2200133Ia 4500
008 240624s9999 xx 000 0 und d
041 _aeng
082 _a900 MUK
100 _aMUKERJEE RADHAKAMAL
245 _aHISTORY OF INDIAN CIVILIZATION ANCIENT A
260 _c2006
_aNew Delhi
_bRadha Publications
300 _a450 : p.
365 _cRS
_b25
999 _c19694
_d19694